00754nam a22002411a 450000100060000000300080000600500170001400800410003102000150007203500190008703500140010604000340012004100080015408200250016210000280018724500890021526000710030430000250037550400320040065000300043265000280046270000220049035646BD-RjUL20211209052346.0140528s1970 ilu bs 000 0 eng d a0226432343 a(BD-RjUL)35741 a(BD-RjUL) aLCbengcLCdABN-SNRdBD-RjUL aeng04a304.6 221bKEW 19701 aKeyfitz, Nathan,d1913-10aWorld population :ban analysis of vital data /cNathan Keyfitz and Wilhelm Flieger. aChicago :bUniversity of Chicago Press,cc1968 [ Impression 1970 ] axi, 672 p. ;c29 cm. aBibliography: p. [667]-671. 0aPopulation xStatistics. 2aPopulationxStatistics.1 aFlieger, Wilhelm.